| Поле | Инд. | ПП | Название | Значение |
|---|---|---|---|---|
| Тип записи | m | |||
| Библиографический уровень | m | |||
| 001 | Контрольный номер | RU/IS/BASE/183218454 | ||
| 005 | Дата корректировки | 20240312120033.5 | ||
| 245 | 10 | a | Заглавие | Устойчивое развитие |
| h | Физич. носитель | Электронный ресурс | ||
| b | Продолж. заглавия | подборка работ | ||
| 650 | 04 | a | Основная рубрика | библиографические издания |
| a | Основная рубрика | универсальная тематика | ||
| 856 | 40 | a | Имя сервера/домена | Библиотечная система Университета "Дубна" |
| d | Путь | http://lib.uni-dubna.ru/MegaPRO/Web | ||
| i | Указания/сценарий входа | Доступ по номеру читательского билета и фамилии читателя | ||
| u | URL | http://lib.uni-dubna.ru/MegaPro/UserEntry?Action=FindDocs&ids=33593&idb=ec_110 | ||
| y | Справочный текст | Электронная версия | ||
| 901 | t | Тип документа | 0 | |
| 952 | a | Тип литературы для КСУ ВШ | НАУ |